Libraries in higher education (Record no. 82181)
[ view plain ]
| 000 -LEADER | |
|---|---|
| fixed length control field | 00719nam a2200169 a 4500 |
| 008 - FIXED-LENGTH DATA ELEMENTS--GENERAL INFORMATION | |
| fixed length control field | 120416s0000 ||||||||||||||||| || u |
| 020 ## - INTERNATIONAL STANDARD BOOK NUMBER | |
| International Standard Book Number | 0851571972 |
| 050 ## - LIBRARY OF CONGRESS CALL NUMBER | |
| Classification number | Z 675.U5 Lib |
| 100 ## - MAIN ENTRY--PERSONAL NAME | |
| Personal name | Cowley, John |
| 245 10 - TITLE STATEMENT | |
| Title | Libraries in higher education |
| Statement of responsibility, etc. | edited by John Cowley |
| 246 ## - | |
| -- | the user approach to service |
| 260 ## - PUBLICATION, DISTRIBUTION, ETC. | |
| Place of publication, distribution, etc. | London |
| Name of publisher, distributor, etc. | Bingley |
| Date of publication, distribution, etc. | 1975 |
| 300 ## - PHYSICAL DESCRIPTION | |
| Extent | 163p. : ill. |
| 350 ## - | |
| -- | 0.00 |
| 995 ## - | |
| -- | ANNEX COLLECTION (Main Library) |
| -- | 0.00 |
| -- | 710527 |
| -- | CBU-MAIN LIBRARY (Kitwe) |
| -- | 2 |
| -- | 4.00 |
| -- | Z 675.U5 Lib |
| -- | 2 |
| -- | AVAILABLE |
| -- | 017492 |
| -- | Annex Low-Usage Collection |
| 995 ## - | |
| -- | ANNEX COLLECTION (Main Library) |
| -- | 0.00 |
| -- | 712205 |
| -- | CBU-MAIN LIBRARY (Kitwe) |
| -- | 1 |
| -- | 4.00 |
| -- | Z 675.U5 Lib |
| -- | 1 |
| -- | AVAILABLE |
| -- | 017493 |
| -- | Annex Low-Usage Collection |
| 999 ## - | |
| -- | 82181 |
| -- | 82181 |
No items available.